| 000 | 00705cam a2200229 a 4500 | ||
|---|---|---|---|
| 001 | 14173084 | ||
| 005 | 20180313101831.0 | ||
| 008 | 051118s2006 ohua b 001 0 eng | ||
| 010 | _a 2005937605 | ||
| 020 | _a0324361785 (Student ed.) | ||
| 040 |
_aDLC _cDLC |
||
| 041 | _aeng | ||
| 080 | _a331.101.262 MAT | ||
| 082 | _a331.101.262 MAT | ||
| 100 | 1 | _a52 | |
| 101 | _aBNJ | ||
| 245 | 1 | 0 |
_aHuman resource management : _cRobert L. Mathis, John H. Jackson. |
| 504 | _aIncludes bibliographical references and index. | ||
| 906 |
_a7 _bcbc _corignew _d2 _eepcn _f20 _gy-gencatlg |
||
| 942 |
_2ddc _cBK |
||
| 999 |
_c44929 _d44929 |
||